مكتبة جامعة عجلون الوطنية

فهرس بحث المكتبة

Normal view MARC view
  • Garling,D,J.H

Entry Personal Name

Number of records used in: 1

001 - CONTROL NUMBER

  • control field: 4533

003 - CONTROL NUMBER IDENTIFIER

  • control field: JO-AjAnu

005 - DATE AND TIME OF LATEST TRANSACTION

  • control field: 20230606071036.0

008 - FIXED-LENGTH DATA ELEMENTS

  • fixed length control field: 230606|| aca||aabn | a|a d

040 ## - CATALOGING SOURCE

  • Original cataloging agency: JO-AjAnu
  • Transcribing agency: JO-AjAnu

100 ## - HEADING--PERSONAL NAME

  • Personal name: Garling,D,J.H

670 ## - SOURCE DATA FOUND

  • Source citation: Work cat.: (JO-AjAnu)2350: Garling,D,J.H, author, Acourse in Mathematical Analysis Vol.11